|
|
|
|
| LEADER |
00000nam0a2200000 4500 |
| 001 |
339840 |
| 005 |
20231102005200.0 |
| 035 |
|
|
|a (RuTPU)RU\TPU\book\366384
|
| 090 |
|
|
|a 339840
|
| 100 |
|
|
|a 20180130d1967 m y0rusy50 ca
|
| 101 |
0 |
|
|a rus
|
| 102 |
|
|
|a RU
|
| 105 |
|
|
|a a j 001zy
|
| 200 |
1 |
|
|a Основы теории автоматического регулирования
|e учебное пособие
|f А. И. Гузенко
|
| 210 |
|
|
|a Москва
|c Высшая школа
|d 1967
|
| 215 |
|
|
|a 406 с.
|c ил.
|
| 320 |
|
|
|a Библиогр.: с. 402
|
| 606 |
|
|
|a Автоматическое регулирование
|x Частотный метод
|2 stltpush
|3 (RuTPU)RU\TPU\subj\940
|9 29745
|
| 610 |
1 |
|
|a системы
|
| 610 |
1 |
|
|a классификация
|
| 610 |
1 |
|
|a свободные процессы
|
| 610 |
1 |
|
|a вынужденные процессы
|
| 610 |
1 |
|
|a переходные процессы
|
| 610 |
1 |
|
|a расчет
|
| 610 |
1 |
|
|a передаточные функции
|
| 610 |
1 |
|
|a устойчивость
|
| 610 |
1 |
|
|a качество
|
| 610 |
1 |
|
|a точность
|
| 610 |
1 |
|
|a анализ
|
| 610 |
1 |
|
|a корректирующие элементы
|
| 610 |
1 |
|
|a учебные пособия
|
| 675 |
|
|
|a 681.51.033.2
|v 4
|
| 700 |
|
1 |
|a Гузенко
|b А. И.
|g Анатолий Игнатьевич
|
| 801 |
|
1 |
|a RU
|b 63413507
|c 20180130
|
| 801 |
|
2 |
|a RU
|b 63413507
|c 20180924
|g RCR
|
| 942 |
|
|
|c BK
|